Cuentos de amor por la naturaleza (Registro nro. 8892)

Detalles MARC
000 -CABECERA
Campo de control 00658nam a22002177a 4500
005 - FECHA Y HORA DE LA ULTIMA TRANSACCION
Campo de control 20150107125112.0
008 - ELEMENTOS DE LONGITUD FIJA—INFORMACION GENERAL
Campo de control 141217b2012 ck Il. |r|||| 00| 0 spa d
040 ## - FUENTE DE CATALOGACIÓN
Agencia transcriptora COBoIAVH
Agencia catalogadora original COBoIAVH
041 ## - IDIOMA
Código de idioma para texto/pista de sonido o título separado Español
044 ## - PAÍS DE PUBLICACIÓN
País de publicación Colombia
090 ## - CLASIFICACIÓN LOCAL
Colección EA
Consecutivo 00207
245 ## - MENCION DE TITULO
Título Cuentos de amor por la naturaleza
260 ## - PUBLICACION, DISTRIBUCION, ETC. (PIE DE IMPRENTA)
Lugar de publicación, distribución, etc. Medellín :
Nombre del editor, distribuidor, etc. Corantioquia,
Fecha de publicación, distribución, etc. 2012.
300 ## - DESCRIPCION FISICA
Extensión 36 pag
Otros detalles físicos Il.
Dimensiones 17 cm.
650 14 - ASIENTO SECUNDARIO DE MATERIA - TERMINO TEMATICO
Término temático o nombre geográfico como elemento de entrada Cuentos infantiles
Subdivisión geográfica Colombia
650 14 - ASIENTO SECUNDARIO DE MATERIA - TERMINO TEMATICO
Término temático o nombre geográfico como elemento de entrada Literatura infantil
Subdivisión geográfica Colombia
650 14 - ASIENTO SECUNDARIO DE MATERIA - TERMINO TEMATICO
Término temático o nombre geográfico como elemento de entrada Animales en la literatura
650 14 - ASIENTO SECUNDARIO DE MATERIA - TERMINO TEMATICO
Término temático o nombre geográfico como elemento de entrada Naturaleza en la literatura
700 ## - ASIENTO SECUNDARIO - NOMBRE PERSONAL
Nombre personal Uribe-Valencia, Oscar David
Término de relación Ed.
942 ## - ELEMENTOS ADICIONALES (KOHA)
Sistema de clasificación Local
Tipo de ítem Libro
Existencias
Withdrawn status Lost status Sistema de Clasificación Damaged status No para préstamo Colección Inventariado Ubicación Permanente Ubicación actual Fecha de adquisición Fuente de Valor Valor Total Checkouts Número topográfico Inventario / Código de Barras Date last seen Ejemplar Price effective from Forma de adquisición Tipo de material
    Local     Educación Ambiental Inventariado 2017 Sala Fabio Quevedo Sala Fabio Quevedo 17/12/2014 Instituto 39000.00   EA-00207 035018 17/12/2014 Ej. 1 17/12/2014   Libro